Statistiques concernant Matches de l'équipe d'Écosse de rugby à XV (2020 - …).

Cliquez ici pour prendre le quiz!

Statistiques générales

  • Ce quiz a été pris 194 fois
    (31 depuis la dernière actualisation)
  • Le résultat moyen est 13 sur 14

Statistiques - réponses

Adversaires% Correct
4Angleterre
100%
8France
100%
6Irlande
100%
6Italie
100%
5Pays de Galles
100%
2Afrique du Sud
97%
4Argentine
97%
2Australie
97%
1Fidji
97%
1Nouvelle-Zélande
97%
1Japon
93%
2Tonga
93%
1Roumanie
83%
2Géorgie
77%

Distribution des résultats

Percentile par nombre de réponses

% des personnes avec chaque résultat

Votre développement - résultats

Vous n’avez pas pris ce quiz depuis la dernière actualisation